|
|
|
|
| LEADER |
00000nam a2200000 i 4500 |
| 001 |
1/26441 |
| 008 |
981217s1992 eng d |
| 020 |
|
|
|a 0-582-05695-0
|
| 035 |
|
|
|l 10037580
|
| 040 |
|
|
|a GR-MY-UA
|b gre
|e aacr
|
| 041 |
0 |
|
|a eng
|
| 082 |
0 |
|
|a 697
|
| 100 |
1 |
|
|a Eastop, T. D.
|q (Thomas D.)
|
| 245 |
1 |
0 |
|a Mechanical services for buildings /
|c T. D. Eastop, W. E. Watson
|
| 260 |
|
|
|a Essex :
|b Longman,
|c c1992
|
| 300 |
|
|
|a 558 p.
|b fig.
|
| 504 |
|
|
|a Includes bibliographical references and index
|
| 650 |
0 |
0 |
|a Buildings
|x Mechanical equipment.
|
| 650 |
0 |
0 |
|a Buildings
|x Environmental engineering.
|
| 700 |
1 |
|
|a Watson, William Edward
|d 1939-
|
| 852 |
|
|
|a INST
|b LESVOS
|e 19981217
|h 697 EAS
|p 005100017368
|q 005100017368
|t BK
|y 0
|
| 901 |
|
|
|a BIBL-1999-1
|
| 909 |
|
|
|a Λ
|b 060965
|
| 922 |
|
|
|a 1ΕΛΗ
|b 199811
|c ΚΠΣ/ΤΠ
|d ΠΑΠΑΣΩΤΗΡΙΟΥ
|
| 950 |
|
|
|a 107-1998-07-17
|